000 00929nam a2200181 i 4500
001 86312
003 ES-MaACL
007 t|
008 041223s1999 sp ||||1| spa d
080 _a940.55(084.42)
245 0 0 _aAtlas histórico multimedia
_b: . Vol. 6, El mundo contemporáneo [
_hRecurso electrónico].
260 _a[Madrid?] :
_bMediasat España,
_c[1999]
300 _a1 disco compacto (CD-ROM) ;
_c12 cm.
500 _aRequisitos del sistema: Pentium, 32 Mb de RAM, Windows 3.1/Windows 95, Lector de CD-ROM 4x, Gráficos 800x600-65.000 colores, Tarjeta de sonido.
505 8 _aContiene: La Guerra fría - Revoluciones y guerras de independencia en Asia - La independencia de Africa - Los conflictos de Oriente Medio - América Latina, entre dictaduras y democracias - La caída del muro de Berlín - El nuevo milenio
650 1 4 _aHistoria contemporánea-
_vAtlas - CD-ROM.
_913394
852 _aES-MaACL
_jROT 1/4/6
999 _c86312
_d86312